Statistics for Architecture A-Z #2

Click here to take the quiz!

General Stats

  • This quiz has been taken 438 times
  • The average score is 15 of 26

Answer Stats

ClueAnswer% Correct
ETallest tower in ParisEiffel Tower
97%
BPrincipal residence of the QueenBuckingham Palace
93%
LWhat the "Tower of Pisa" is doingLeaning
92%
NParis cathedral or American universityNotre Dame
88%
VResidence of King Louis XIVVersailles
84%
HCity with the most number of skyscrapers in the worldHong Kong
81%
KTerm for the fortified center of any Russian city, Moscow's is the most famousKremlin
78%
SCountry with the most number of pyramidsSudan
73%
WLargest stadium in the United KingdomWembley Stadium
71%
AWorld's largest templeAngkor Wat
70%
JMiddle Eastern city in which world's future-tallest building is going to be builtJeddah
65%
OMain airport of ChiagoO'Hare
65%
XCity in which the museum of Qinshihuang's Terracotta Army is locatedXi'an
62%
MTower of a mosque from which the call to prayer is madeMinaret
61%
YSemi-permanent dwelling of Central AsiaYurt
60%
TWorld's tallest building between 2004–10{Taipei} 101
59%
DItalian term for a church with the features of a cathedralDuomo
51%
PCity that is home to the Rungnado May Day Stadium, the world's largest stadiumPyongyang
51%
RStyle in which the St. Peter's Basilica was builtRenaissance
42%
FAnother name for the One World Trade CenterFreedom Tower
37%
IHistory's first architectImhotep
37%
GCanadian architect who designed the Guggenheim in BilbaoFrank Gehry
28%
ZWorld's first of these was constructed in Vienna in 1752Zoo
28%
CCity whose unfinished Tower of David skyscraper homed 2,500 squatters until 2015Caracas
21%
UArchitect of the Sydney Opera HouseJørn Utzon
15%
QCheap, semicircular hut built by the US Navy in WWIIQuonset Hut
15%

Score Distribution

Percentile by Number Answered

Percent of People with Each Score

Your Score History

You have not taken this quiz